La Crisis nacional general de 1895 /

Guardat en:
Dades bibliogràfiques
Autor principal: Quintero López, Rafael
Altres autors: Silva Charvet, Erika
Format: Text
Publicat: Quito : Don Bosco
Etiquetes: Afegir etiqueta
Sense etiquetes, Sigues el primer a etiquetar aquest registre!

MARC

LEADER 00000 a a2200000 04500
001 24374
003
040
020 |a [sin ISBN]  
022 |a [sin ISBN]  
090 |a 172700  
100 |a Quintero López, Rafael  
245 |a La Crisis nacional general de 1895 /  |c Rafael Quintero López 
260 |a Quito :   |b Don Bosco  
300 |a pp. 93-107  
500 |a Separata de Cultura, vol. 5, n° 11  
700 |a Silva Charvet, Erika  
999 |c 11762  |d 11762